Public health service esprit (Record no. 10078)

000 -LEADER
fixed length control field 00325pab a2200145 454500
008 - FIXED-LENGTH DATA ELEMENTS--GENERAL INFORMATION
fixed length control field 180718b90-1 xxu||||| |||| 00| 0 eng d
100 ## - MAIN ENTRY--PERSONAL NAME
Personal name Reed, Ralph
245 ## - TITLE STATEMENT
Title Public health service esprit
260 ## - PUBLICATION, DISTRIBUTION, ETC.
Date of publication, distribution, etc. 90-1
300 ## - PHYSICAL DESCRIPTION
Extent 5-6
362 ## - DATES OF PUBLICATION AND/OR SEQUENTIAL DESIGNATION
Dates of publication and/or sequential designation Winter
650 ## - SUBJECT ADDED ENTRY--TOPICAL TERM
Topical term or geographic name entry element Health Services
773 ## - HOST ITEM ENTRY
Main entry heading Bureaucrat
909 ## -
-- 10078
Holdings
Withdrawn status Lost status Damaged status Not for loan Permanent Location Current Location Date acquired Serial Enumeration / chronology Barcode Date last seen Price effective from Koha item type
        Indian Institute of Public Administration Indian Institute of Public Administration 2018-07-19 Volume no: 19, Issue no: 4 AR10099 2018-07-19 2018-07-19 Articles

Powered by Koha